Europe and its 2020 strategy challenges and solutions

Transformácia Európy kvôli kríze, ktorá zmazala roky ekonomického a spoločenského pokroku. Dlhodobé výzvy – globalizácia, tlak na zdroje a starnutie Európy. Spoločná stratégia Euópskej únie s cieľom na efektívnu, udržateľnú a inkluzívnu ekonomiku, ktorá by zvýšila zamestnanosť, produktivitu a sociál...

Descrizione completa

Salvato in:
Dettagli Bibliografici
Autore principale: Strelinger, Ján, 1964-
Natura: Capitolo di libro
Lingua:inglese
Soggetti:
Tags: Aggiungi Tag
Nessun Tag, puoi essere il primo ad aggiungerne!!

MARC

LEADER 00000nla a2200000 4500
001 0239094
005 20240502073854.3
041 0 |a eng 
044 |a SK 
245 1 0 |a Europe and its 2020 strategy challenges and solutions  |c Ján Strelinger 
520 |a Transformácia Európy kvôli kríze, ktorá zmazala roky ekonomického a spoločenského pokroku. Dlhodobé výzvy – globalizácia, tlak na zdroje a starnutie Európy. Spoločná stratégia Euópskej únie s cieľom na efektívnu, udržateľnú a inkluzívnu ekonomiku, ktorá by zvýšila zamestnanosť, produktivitu a sociálnu súdržnosť. 
610 2 0 |a kríza hospodárska 
610 2 0 |a Európa 
610 2 0 |a stratégia hospodárska 
610 2 0 |a Európske spoločenstvá 
610 2 0 |a Európsky ekonomický priestor 
610 2 0 |a spolupráca hospodárska medzinárodná 
610 2 0 |a ekonomika priestorová 
100 1 |a Strelinger, Ján, 1964-